7 törpe nevei - Statistics

General Stats
  • This quiz has been taken 135 times
  • The average score is 5 of 7
Answer Stats
Válaszok % Correct
Kuka
90%
Morgó
84%
Szundi
81%
Hapci
75%
Szende
64%
Tudor
60%
Vidor
54%
No matching quizzes found
Score Distribution
Percent of People with Each Score
Percentile by Number Answered
Your Score History
You have not taken this quiz